Názorná anglická/americká obchodná korešpondencia

Enregistré dans:
Détails bibliographiques
Auteur principal: Naterop, Bertha J.
Autres auteurs: Weis, Erich, Haberfellner, Eva, Hrabinová, Jarmila
Format: Livre
Langue:anglais
slovaque
Publié: Bratislava Open Windows 1994
Édition:1. vyd.
Sujets:
Tags: Ajouter un tag
Pas de tags, Soyez le premier à ajouter un tag!

MARC

LEADER 00000nam a2200000 4500
001 c006010
005 20221214075340.7
020 |a 80-85741-07-05 
041 0 |a eng 
041 0 |a slo 
044 |a SK 
245 1 0 |a Názorná anglická/americká obchodná korešpondencia  |c Bertha J. Naterop, Erich Weis, Eva Haberfellner ; [Z angl. prel. ] Jarmila Hrabinová 
250 |a 1. vyd. 
264 1 |a Bratislava  |b Open Windows  |c 1994 
300 |a 137 s. 
610 2 0 |a terminológia 
610 2 0 |a jazykoveda 
610 2 0 |a angličtina 
610 2 0 |a slovenčina 
610 2 0 |a korešpondencia 
100 1 |a Naterop, Bertha J. 
700 1 |a Weis, Erich 
700 1 |a Haberfellner, Eva 
700 1 |a Hrabinová, Jarmila